A Pannonhalmi Apátsági Pincészet

Bibliográfiai részletek
Szerző: Krajcserik Szilvia
További közreműködők: Lenkovics Dr. Beatrix
Dokumentumtípus: Diplomadolgozat
Kulcsszavak:Pannonhalmi Apátsági Pincészet
Borászat
Pannonhalmi Borvidék
Online Access:http://dolgozattar.uni-bge.hu/23129

MARC

LEADER 00000nta a2200000 i 4500
001 dolg23129
005 20200226104757.0
008 191120suuuu hu om 000 hun d
040 |a BGE Dolgozattár Repozitórium  |b hun 
041 |a hu 
100 1 |a Krajcserik Szilvia 
245 1 2 |a A Pannonhalmi Apátsági Pincészet  |c Krajcserik Szilvia  |h [elektronikus dokumentum] 
246 1 1 |a A Pannonhalmi Apátsági Pincészet 
695 |a Pannonhalmi Apátsági Pincészet 
695 |a Borászat 
695 |a Pannonhalmi Borvidék 
700 1 |a Lenkovics Dr. Beatrix  |e ths 
856 4 0 |u http://dolgozattar.uni-bge.hu/23129/1/Krajcserik%20Szilvia_G5UWLG_TV.pdf  |z Dokumentum-elérés